000 00752nam a2200265Ia 4500
003 OSt
005 20221006160203.0
006 a|||||r|||| 00| 0
007 ta
008 221006b |||||||| |||| 00| 0 eng d
020 _a9781405380003
_c
_20.99
024 _a44,552
037 _bGift, Koren Embassy
_cTextual
040 _aEASL
_cEASL
_beng
041 _2eng
_aeng
082 _aU8.495SE, Q1
100 _aZatko Martin
_9672286
245 0 _aRough guide to Seoul
_b Imperial splendour Fiery food Neon nightlife
260 _aSeoul
_bRoughguides
_c2011
300 _a200p.
_ccm.
490 _v KEL
650 _aKEL
942 _hU8.495SE, Q1
_cTEXL
_2CC
999 _c1112644
_d1112644